Sources of Japanese traditions (Record no. 1339377)
[ view plain ]
| 000 -LEADER | |
|---|---|
| fixed length control field | 00638nam a2200205Ia 4500 |
| 005 - DATE AND TIME OF LATEST TRANSACTION | |
| control field | 20250508152859.0 |
| 008 - FIXED-LENGTH DATA ELEMENTS--GENERAL INFORMATION | |
| fixed length control field | 008 250505s9999 xx 000 0 eng d |
| 037 ## - SOURCE OF ACQUISITION | |
| Stock number | Textual |
| 040 ## - CATALOGING SOURCE | |
| Original cataloging agency | FEDL |
| Language of cataloging | eng |
| Transcribing agency | FEDL |
| 041 ## - LANGUAGE CODE | |
| Language code of text/sound track or separate title | eng |
| Source of code | eng |
| 084 ## - COLON CLASSIFICATION NUMBER | |
| Classification number | 915.2, TSU |
| Assigning agency | FEDL |
| 100 ## - MAIN ENTRY--PERSONAL NAME | |
| Personal name | Tsunoda Ryusaku Co. |
| 9 (RLIN) | 762637 |
| 245 #0 - TITLE STATEMENT | |
| Title | Sources of Japanese traditions |
| 260 ## - PUBLICATION, DISTRIBUTION, ETC. | |
| Place of publication, distribution, etc. | New York, USA |
| Name of publisher, distributor, etc. | Columbia Univeristy Press |
| Date of publication, distribution, etc. | 1958 |
| 300 ## - PHYSICAL DESCRIPTION | |
| Extent | xxvi,928p. |
| 490 ## - SERIES STATEMENT | |
| Series statement | Introduction to oriental civilizations |
| 700 ## - ADDED ENTRY--PERSONAL NAME | |
| Personal name | Bary Wm. Theodore de Co. Keene Donald Co. |
| 9 (RLIN) | 762638 |
| 942 ## - ADDED ENTRY ELEMENTS (KOHA) | |
| Koha item type | Textual |
| Classification part | 915.2, TSU |
| Withdrawn status | Lost status | Damaged status | Not for loan | Home library | Current library | Date acquired | Total Checkouts | Full call number | Barcode | Date last seen | Price effective from | Koha item type |
|---|---|---|---|---|---|---|---|---|---|---|---|---|
| Department of Education Library | Department of Education Library | 2025-05-08 | 915.2, TSU | EL0021787 | 2025-05-08 | 2025-05-08 | Textual |
